000
00353nam a2200145Ia 4500
008
100122s9999 xx 000 0 und d
082
_b
74470
_a
B001
100
_a
ARORA BOOK COMPANY
245
_a
2500 WORDS WITH PICTURE
250
_a
1
260
_c
2006
630
_a
2500 WORDS WITH PICTURE
730
_a
2500 WORDS WITH PICTURE
942
_c
BOOK
999
_c
390500
_d
390497